Southville International School and Colleges
Your cart is empty.
  • Cart
  • Lists
    Public lists Eva Luna New books Lux_list list_1
    Your lists Log in to create your own lists
  • Log in to your account
  • Your cookies
  • Search history
Southville International School and Colleges
  • Advanced search
  • Recent comments
  • Most popular
  • Libraries

Log in to your account

Log in with GOOGLE


If you do not have an external account, but do have a local account, you can still log in:

  1. Home
  2. MARC view: Your classroom library :
Normal view MARC view ISBD view

Your classroom library : (Record no. 105588)

[ view plain ]
MARC details
000 -LEADER
fixed length control field 00710nam a2200193 a 4500
005 - DATE AND TIME OF LATEST TRANSACTION
control field 20140412111407.0
008 - FIXED-LENGTH DATA ELEMENTS--GENERAL INFORMATION
fixed length control field 061208s19uu xx 00 eng d
020 ## - INTERNATIONAL STANDARD BOOK NUMBER
International Standard Book Number 0-439-26082-5
050 ## - LIBRARY OF CONGRESS CALL NUMBER
Classification number TR(GS 372.4
Item number R22 2002
100 ## - MAIN ENTRY--PERSONAL NAME
Personal name Reutzel, D. Ray
245 ## - TITLE STATEMENT
Title Your classroom library :
Remainder of title New ways to give it more teaching power /
Statement of responsibility, etc D. Ray Reutzel.
260 ## - PUBLICATION, DISTRIBUTION, ETC. (IMPRINT)
Place of publication, distribution, etc USA :
Name of publisher, distributor, etc Scholastic,
Date of publication, distribution, etc 2002.
300 ## - PHYSICAL DESCRIPTION
Extent 128
440 ## - SERIES STATEMENT/ADDED ENTRY--TITLE
Title Scholastic teaching strategies
500 ## - GENERAL NOTE
General note Grades K-6-- "Great teacher- tested and research-based strategies for organizing and using lirary to increase students' reading achievemnet"
650 ## - SUBJECT ADDED ENTRY--TOPICAL TERM
Topical term or geographic name as entry element Reading (elementary)
650 ## - SUBJECT ADDED ENTRY--TOPICAL TERM
Topical term or geographic name as entry element Children- books and reading
Holdings
Withdrawn status Lost status Damaged status Use restrictions Home library Current library Shelving location Date acquired Source of acquisition Cost, normal purchase price Total Checkouts Full call number Barcode Date last seen Price effective from Koha item type
        Elizalde Library Elizalde Library Teachers Reference Section 12/08/2006   330.00   TR(GS 372.4 R22 2002 E10393 04/12/2014 04/12/2014 Books

Your classroom library :

APA

Reutzel D. R., . (2002). Your classroom library. USA: Scholastic.

Chicago

Reutzel D Ray, . 2002. Your classroom library. USA: Scholastic.

Harvard

Reutzel D. R., . (2002). Your classroom library. USA: Scholastic.

MLA

Reutzel D Ray, . Your classroom library. USA: Scholastic. 2002.

  • Place hold
  • Print
  • Cite
  • Add to your cart (remove)
  • Save record
    BIBTEX Dublin Core MARCXML MARC (non-Unicode/MARC-8) MARC (Unicode/UTF-8) MARC (Unicode/UTF-8, Standard) MODS (XML) RIS
  • More searches
    Search for this title in:
    Other Libraries (WorldCat) Other Databases (Google Scholar) Online Stores (Bookfinder.com) Open Library (openlibrary.org)

Exporting to Dublin Core...

SOUTHVILLE LIBRARY

Southville International School and Colleges Library

1281 Tropical Ave. Cor. Luxembourg St., BF Homes International, Las Pinas City

Tel. No. 8256374 / 252358 Loc. 117/146

Powered by Koha